000 01138nam a2200301 a 4500
001 000114362
003 CHAP
005 20220329144438.0
008 180116s2017 mx |sm |||||||spa d
010 _a110823
011 _a111795
040 _cCHAP
090 _aTesis
100 1 _aTemoxtle Macuixtle, Juan Ismael
_9134338
245 1 0 _aSistema portátil de análisis químico por espectrometría de emisión optica
_h[En línea]
_cpor Juan Ismael Temoxtle Macuixtle.
260 _aChapingo, Méx. :
_bEl autor,
_c2017.
500 _aPara ver el contenido del material haga clic en la liga
502 _aTesis (Ingeniero Mecánico Agrícola) -- UACH. Departamento de Ingeniería Mecánica Agrícola
590 _aE6337LMJ
_b05
_c20180116
_lUCH01
_h0907
590 _aE6337LMJ
_b05
_c20180116
_lUCH01
_h0908
650 1 4 _aAnálisis espectrométrico.
_95983
650 1 4 _aMecanización agrícola
_xDiseño.
_9134339
650 1 4 _aProcesamiento automático de datos en maquinaria agrícola.
_991799
856 _aFinding aid
_uhttp://10.13.5.2/tesis/sist114362.pdf
_zTeclea aquí
901 _aBK
942 _cTESIS
942 _n0
999 _c110823
_d110823